000 00318nam a2200133 a 4500
008 110519s1972|||| d
245 1 0 _aKalendár menín a kvetín
100 1 _aSulyoková, M
700 1 _aTimárová, Z
020 _c22
044 _axo
_cSK
041 _aslo
260 _c1972
_bPríroda
_aBratislava
999 _c19720
_d19720